000 00646nam a2200277Ia 4500
005 20260121124518.0
008 008 260114s9999 xx 000 0 eng d
020 _a9780226830018
037 _aEBOOK
040 _aCRL
040 _beng
040 _cCRL
041 _2eng
041 _aeng
084 _qCRL
100 _aPippin, Robert B.
_9977237
245 4 _aThe Culmination
260 _bWalter de Gruyter
260 _bWalter de Gruyter
260 _c2024
650 _aPhilosophy
_9977238
856 _uhttp://www.degruyter.com/isbn/9780226830018
942 _cEBOOK
999 _c1555133
_d1555133